ARRUPE JESUIT UNIVERSITY

CORONAVIRUS -STOP THE SPREAD - CLEAN,DISINFECT,COVER

A glimpse of the Chinese culture / (Record no. 128942)

MARC details
000 -LEADER
fixed length control field 01022cam a2200301 a 4500
001 - CONTROL NUMBER
control field 14519427
003 - CONTROL NUMBER IDENTIFIER
control field ARRUPE
005 - DATE AND TIME OF LATEST TRANSACTION
control field 20190212113822.0
008 - FIXED-LENGTH DATA ELEMENTS--GENERAL INFORMATION
fixed length control field 060825s2001 cc a 000 0 eng d
010 ## - LIBRARY OF CONGRESS CONTROL NUMBER
LC control number 2006432926
020 ## - INTERNATIONAL STANDARD BOOK NUMBER
International Standard Book Number 7801138147
035 ## - SYSTEM CONTROL NUMBER
System control number (OCoLC)ocm51225269
040 ## - CATALOGING SOURCE
Original cataloging agency OUN
Transcribing agency OUN
Modifying agency OCLCQ
-- OCL
-- DLC
041 1# - LANGUAGE CODE
Language code of text/sound track or separate title eng
Language code of original and/or intermediate translations of text chi
042 ## - AUTHENTICATION CODE
Authentication code lccopycat
043 ## - GEOGRAPHIC AREA CODE
Geographic area code a-cc---
050 00 - LIBRARY OF CONGRESS CALL NUMBER
Classification number SPC. DS721
Item number .F3785 2001
300 ## - PHYSICAL DESCRIPTION
Other physical details col. ill. ;
Dimensions 21 cm.
100 1# - MAIN ENTRY--PERSONAL NAME
Personal name Feng, Lingyu.
9 (RLIN) 44512
245 12 - TITLE STATEMENT
Title A glimpse of the Chinese culture /
Statement of responsibility, etc Feng Lingyu & Shi Weimin ; translator: Li Zhurun.
260 ## - PUBLICATION, DISTRIBUTION, ETC. (IMPRINT)
Place of publication, distribution, etc [Beijing] :
Name of publisher, distributor, etc China Intercontinental Press,
Date of publication, distribution, etc 2001.
300 ## - PHYSICAL DESCRIPTION
Extent 199 p. :
440 #0 - SERIES STATEMENT/ADDED ENTRY--TITLE
Title China basics series
9 (RLIN) 44513
546 ## - LANGUAGE NOTE
Language note Translated from Chinese.
650 #0 - SUBJECT ADDED ENTRY--TOPICAL TERM
Topical term or geographic name as entry element Art, Chinese.
9 (RLIN) 44514
651 #0 - SUBJECT ADDED ENTRY--GEOGRAPHIC NAME
Geographic name China
General subdivision Civilization.
9 (RLIN) 670
700 1# - ADDED ENTRY--PERSONAL NAME
Personal name Shi, Weimin.
9 (RLIN) 44515
700 1# - ADDED ENTRY--PERSONAL NAME
Personal name Zhurum, Li
Relator term tr.
9 (RLIN) 44546
906 ## - LOCAL DATA ELEMENT F, LDF (RLIN)
a 7
b cbc
c copycat
d 3
e ncip
f 20
g y-gencatlg
942 ## - ADDED ENTRY ELEMENTS (KOHA)
Source of classification or shelving scheme Library of Congress Classification
Koha item type SPC
Holdings
Withdrawn status Lost status Source of classification or shelving scheme Damaged status Not for loan Collection code Home library Current library Shelving location Date acquired Total Checkouts Full call number Barcode Date last seen Price effective from Koha item type
    Library of Congress Classification     SPECIAL Collection ARRUPE LIBRARY ARRUPE LIBRARY REFERENCE 08/02/2019   SPC. DS721 .F3785 2001 46600003691 08/02/2019 08/02/2019 SPC

 

Arrupe Library. PO Box MP320 Mt Pleasant, Harare, Zimbabwe
263 242 745411|librarian@aju.ac.zw